Statistics for Colours

Click here to take the quiz!

General Stats

  • This quiz has been taken 85 times
  • The average score is 12 of 16

Answer Stats

Answer% Correct
Black
100%
Green
100%
Red
100%
Brown
99%
Purple
99%
Blue
97%
White
97%
Pink
96%
Yellow
93%
Gray (grey)
89%
Violet
69%
Orange
44%
Cyan
39%
Indigo
36%
Honeydew
1%
Maroon (American Colour)
1%

Score Distribution

Percentile by Number Answered

Percent of People with Each Score

Your Score History

You have not taken this quiz